| 000 | 00521nam a2200157Ia 4500 | ||
|---|---|---|---|
| 008 | 230921s9999||||xx |||||||||||||| ||und|| | ||
| 020 | _a978-3-319-95906-1 | ||
| 041 | _aEN | ||
| 100 | _aGiles Whiteley | ||
| 245 | 0 | _aSchelling’s Reception in Nineteenth-Century British Literature | |
| 250 | _a1st ed. 2018 | ||
| 260 |
_c2018 _bSpringer International Publishing |
||
| 856 | _uhttps://doi.org/10.1007/978-3-319-95906-1 | ||
| 856 | _uhttps://link.springer.com/openurl?genre=book&isbn=978-3-319-95906-1 | ||
| 942 | _cEB | ||
| 999 |
_c252313 _d252313 |
||